Смета Русского Акционерного общества Сименс-Шуккерт на устройство освещения в зале заседания Учредительного Собрания в Таврическ...

RUSMARC
00005194cmc2a2200265 x 450
001ead2a2d9-6150-42fc-a97a-6d5e77c555bf
00520170405154436.0
100##$a20120330l19171917k y0rusy0102 ca
1010#$arus
102##$aRU
1220#$ad19170720
$ad19170823
2001#$aСмета Русского Акционерного общества Сименс-Шуккерт на устройство освещения в зале заседания Учредительного Собрания в Таврическом дворце
$j20 июля - 23 августа 1917
251##$cДело
215##$a11 листов
2250#$aФонд Комитет при Временном правительстве по приспособлению здания для Учредительного Собрания
$hОпись № 1
300##$aЗаглавие на папке: Дело подрядчика Сименс и Шуккерт
309##$aТекст отпечатан на машинке
309##$aСмета имеет отдельный титульный лист
3270#$aВ деле также сопроводительные письма
5171#$aДело подрядчика Сименс и Шуккерт
801#0$aRU
$bНПО Опыт
$c20120330
801#1$aRU
$bНПО Опыт
$c20120330
$2rusmarc
801#2$aRU
$bПБ им. Б.Н. Ельцина
$c20150319
$gRCR
$2rusmarc
850##$aГосударственный архив Российской Федерации
852##$aГА РФ
$j35
937##$d20947961
$hПБ
035##$aRuPRLIB178601035
461#0$1001858e6034-e211-47c2-a22a-59fabaa25a6f
$12001
$aКОМИТЕТ ПРИ ВРЕМЕННОМ ПРАВИТЕЛЬСТВЕ ПО ПРИСПОСОБЛЕНИЮ ЗДАНИЯ ДЛЯ УЧРЕДИТЕЛЬНОГО СОБРАНИЯ
$1251
$cФонд
$1852
$j1786
462#0$10010ffcd996-3b9d-4f1f-b2dd-bb55f0aaa216
$12001
$a1917-1918 гг.
$vД. 35
$1251
$cОпись
$1852
$j1
686##$2rubbk
$a63.3(2)535ю1
$vLBC/M
607##$2prlib_sh
$3DITM\AF\0000001699
$aТаврический дворец (Санкт-Петербург, город)
$jДокументы и материалы
605##$2acquisition_Prlib
$3DITM\AF\0000002775
$aВласть
$lколлекция
605##$a1917: февраль - октябрь
$lколлекция
$2acquisition_Prlib
$3LIBNET\UAF\0000064780
60101$2prlib_sh
$3LIBNET\UAF\0000066348
$aРоссия
$bКомитет при Временном правительстве по приспособлению здания для Учредительного собрания
$c1917, февраль-октябрь
$jДокументы и материалы
Формат отображения